Annual report of the superintendent of the Nautical School / New York Nautical School
Descripción Física:
67 p. : il. ; 23 cm
Materias:
New York Nautical School -- Memòries
MARC
| LEADER | 00000nam a2200000Ia 4500 | ||
|---|---|---|---|
| 001 | 15911 | ||
| 008 | 160829s1910 xx 000 0 cat d | ||
| 080 | |a C-2-325 | ||
| 100 | |a New York Nautical School |9 37246 | ||
| 245 | |a Annual report of the superintendent of the Nautical School / New York Nautical School | ||
| 260 | |a New York : |b (H.C. Hallenbeck), |c 1910 | ||
| 300 | |a 67 p. : |b il. ; |c 23 cm | ||
| 590 | |a Després del títol: Board of education, City of New York. Thirty-sixth year | ||
| 650 | |a New York Nautical School |x Memòries |9 37247 | ||
| 901 | |a Arxiu | ||
| 942 | |n 1 | ||
| 952 | |0 0 |1 0 |4 0 |6 C2325 |7 1 |9 47765 |a Arxiu |b Arxiu |d 2016-12-01 |l 0 |o C-2-325 |p 15911 |r 2016-12-01 00:00:00 |w 2016-12-01 |y ARXIU | ||
| 999 | |c 51564 |d 51564 | ||